Kiểm soát quyền lực nhà nước
Sách tham khảo; Trình bày cơ sở lý luận của sự kiếm soát quyền lực nhà nước. Giới thiệu nội dung, hình thức và công cụ kiểm soát quyền lực nhà nước của Việt Nam
محفوظ في:
| المؤلف الرئيسي: | |
|---|---|
| مؤلفون آخرون: | |
| التنسيق: | كتاب |
| اللغة: | Undetermined |
| منشور في: |
H.
Chính trị Quốc gia
2017
|
| الموضوعات: | |
| الوصول للمادة أونلاين: | http://lrc.tdmu.edu.vn/opac/search/detail.asp?aID=2&ID=30438 |
| الوسوم: |
إضافة وسم
لا توجد وسوم, كن أول من يضع وسما على هذه التسجيلة!
|
| Thư viện lưu trữ: | Trung tâm Học liệu Trường Đại học Thủ Dầu Một |
|---|
| LEADER | 01005nam a2200217Ia 4500 | ||
|---|---|---|---|
| 001 | TDMU_30438 | ||
| 008 | 210410s9999 xx 000 0 und d | ||
| 082 | |a 895.922 77 | ||
| 090 | |b NG527 | ||
| 100 | |a Nguyễn, Đăng Dung | ||
| 245 | 0 | |a Kiểm soát quyền lực nhà nước | |
| 245 | 0 | |c Nguyễn Đăng Dung | |
| 260 | |a H. | ||
| 260 | |b Chính trị Quốc gia | ||
| 260 | |c 2017 | ||
| 300 | |a 570tr. | ||
| 520 | |a Sách tham khảo; Trình bày cơ sở lý luận của sự kiếm soát quyền lực nhà nước. Giới thiệu nội dung, hình thức và công cụ kiểm soát quyền lực nhà nước của Việt Nam | ||
| 650 | |a Pháp luật |x Quyền lực |x Nhà nước |x Kiểm soát |z Việt Nam | ||
| 700 | |a Đại học Quốc gia Hà Nội | ||
| 856 | |u http://lrc.tdmu.edu.vn/opac/search/detail.asp?aID=2&ID=30438 | ||
| 980 | |a Trung tâm Học liệu Trường Đại học Thủ Dầu Một | ||